| 000 | 01502nam a2200301 a 4500 | ||
|---|---|---|---|
| 001 | BRCA_2382 | ||
| 005 | 20190320203801.0 | ||
| 008 | 101108s1897----sp-#---###---#000-0#spa-u | ||
| 041 | _aspa | ||
| 044 | _asp | ||
| 084 |
_a023 _b.M67 _c1897 F1615 |
||
| 100 | 1 |
_aCervantes Saavedra, Miguel de _d1547-1616 _9213 |
|
| 245 | 1 | 0 |
_aSegunda parte del Ingenioso Cavallero Don Quixote de la Mancha _cpor Miguel de Cervantes Saavedra, autor de su primera parte. |
| 260 |
_aBarcelona _bMontaner y Simón _c1897 |
||
| 300 |
_a1 v. (sin paginación) _c23 cm. |
||
| 500 | _aContenido : Tasa. Fe de erratas. Aprovación de Dr. Gutierre de Cetina. Aprovación de Joseph de Valsivieso. Aprovación del Lic. Márquez Torres. Privilegio. Prólogo del autor. Dedicatoria del autor al Conde de Lemos. Texto | ||
| 500 | _aFacsímil de : Segunda parte del ingenioso cavallero Don Quixote de la Mancha. Madrid: Juan de la Cuesta, 1615 | ||
| 500 | _aSegundo facsímile de la sugunda parte de la edición príncipe publicado por Montaner y Simón, en Barcelona, el año de 1897 Lúdovik Osterc | ||
| 500 | _aCon ex-libris de : Pedro Marroquín Aguirre | ||
| 500 | _aQM222 | ||
| 651 | 4 |
_aNovela española _yÉpoca clásica, 1500-1700 _97081 |
|
| 651 | 4 |
_aLiteratura española _yÉpoca clásica, 1500-1700 _97082 |
|
| 651 | 4 |
_aNovela española _ySiglo XVII _97083 |
|
| 651 | 4 |
_aDon Quijote (Personaje ficticio) _vNovela _97084 |
|
| 740 | 0 | _aEl Ingenioso Hidalgo Don Quijote de la Mancha | |
| 902 | _aQFM | ||
| 942 |
_2lcc _cB |
||
| 999 |
_c2123 _d2123 |
||